| 000 | 00463nam a2200169 i 4500 | ||
|---|---|---|---|
| 001 | bg | ||
| 100 | 1 | _aFIJAŁKOWSKI, Wiesław Jan | |
| 245 | 0 |
_aElementy telekomunikacji alfabetowej / _cWiesław Jan Fijałkowski. |
|
| 260 |
_aWarszawa : _bWydaw. Min. Obr. Nar., _c1983. |
||
| 300 |
_a499 s. : _brys. tab. |
||
| 504 | _aBibliogr. s. 488-494. | ||
| 040 | _cBPK | ||
| 041 | _apol | ||
| 080 | _a621.39 | ||
| 942 | _cKS | ||
| 008 | s pl f |000 0 pol | ||
| 999 |
_c21994 _d21994 |
||
| 856 |
_uhttp://koha.tu.koszalin.pl/cgi-bin/koha/opac-detail.pl?biblionumber=21994 _yKatalog online BPK |
||